Tâm lý học xã hội & giao tiếp sư phạm = Giáo trình tâm lý học xã hội và giao tiếp sư phạm

Giáo trình gồm 6 chương: Chương 1: Tâm lý học xã hội là một khoa học; Chương 2: Các hiện tượng tâm lý xã hội và quy luật hình thành; Chương 3: Quan hệ xã hội và quan hệ liên nhân cách; Chương 4: Nhóm và tập thể trong hoạt dộng của nhà tru...

Full description

Saved in:
Bibliographic Details
Main Author: Phạm, Thị Năm
Format: Book
Language:Undetermined
Published: Cần Thơ Trường Đại học Cần Thơ 2007
Subjects:
Tags: Add Tag
No Tags, Be the first to tag this record!
Institutions: Trung tâm Học liệu Trường Đại học Cần Thơ
LEADER 01209nam a2200205Ia 4500
001 CTU_126818
008 210402s9999 xx 000 0 und d
082 |a 370.1 
082 |b T120 
100 |a Phạm, Thị Năm 
245 0 |a Tâm lý học xã hội & giao tiếp sư phạm = 
245 0 |b Giáo trình tâm lý học xã hội và giao tiếp sư phạm 
245 0 |c Biên soạn: Phạm Thị Năm ... [et al.] 
260 |a Cần Thơ 
260 |b Trường Đại học Cần Thơ 
260 |c 2007 
520 |a Giáo trình gồm 6 chương: Chương 1: Tâm lý học xã hội là một khoa học; Chương 2: Các hiện tượng tâm lý xã hội và quy luật hình thành; Chương 3: Quan hệ xã hội và quan hệ liên nhân cách; Chương 4: Nhóm và tập thể trong hoạt dộng của nhà trường; Chương 5: Những vấn đề chung về giao tiếp sư phạm; Chương 6: Nguyên tác và phong cách giao tiếp sư phạm. 
650 |a Educational psychology 
904 |i Nguyên 
980 |a Trung tâm Học liệu Trường Đại học Cần Thơ